Statistics for 1830s Decade Quiz

Click here to take the quiz!

General Stats

  • This quiz has been taken 1,993 times
  • The average score is 14 of 19

Answer Stats

Question Answer % Correct
Who started her 63 year reign as Queen of the United Kingdom?Queen Victoria
99%
What drug did China ban, leading to an invasion by the United Kingdom?Opium
95%
What was abolished in the British Empire in 1833?Slavery
91%
What Spanish religious tribunal was disbanded 356 years after it began?Spanish {Inquisition}
86%
Who embarked on his famous voyage aboard the HMS Beagle?Charles Darwin
83%
What was the most "remembered" battle of Texas's revolution against Mexico?Battle of the {Alamo}
82%
What European country officially gained independence from the Ottoman Empire?Greece
82%
What nearby city was connected to Manchester by the world's first inter-city railway?Liverpool
80%
What was the name of the forced migration of Cherokees, Seminoles, and other
Native American tribes from their homelands to Oklahoma?
Trail of {Tears}
77%
Who published his first novel, "The Pickwick Papers"?Charles Dickens
72%
What country, known as "The Graveyard of Empires", did the British invade?Afghanistan
71%
What country gained independence from the Netherlands?Belgium
70%
What pioneer trail was first used by people traveling to the Willamette Valley
on the west coast of the United States?
{Oregon} Trail
68%
Who became the first President of the Latter Day Saints, commonly
known as the Mormons?
Joseph Smith
67%
Who wrote "The Hunchback of Notre Dame"?Victor Hugo
65%
What sauce did Lea & Perrins manufacture for the first time?Worcestershire Sauce
62%
What did Louis Daguerre invent?Photography
(daguerreotype)
49%
What city, founded in 1833, would grow to become the world's fifth-largest by 1900?Chicago
48%
Who became king in France following the July Revolution?Louis {Philippe}
24%

Score Distribution

Percentile by Number Answered

Percent of People with Each Score

Your Score History

You have not taken this quiz